Kumoani lok geet tatha sangeet shastriya privesh (Record no. 113360)

MARC details
000 -LEADER
fixed length control field 00374nam a2200145Ia 4500
008 - FIXED-LENGTH DATA ELEMENTS--GENERAL INFORMATION
fixed length control field 230917s9999||||xx |||||||||||||| ||und||
040 ## - CATALOGING SOURCE
-- 95602
Original cataloging agency VIVEKANANDA LIBRARY
041 ## - Language
-- English
082 ## - DDC NUMBER
Classification number 784.4 T543K
100 ## - MAIN ENTRY--PERSONAL NAME
Personal name Tiwari, Jyoti
245 #0 - TITLE STATEMENT
Title Kumoani lok geet tatha sangeet shastriya privesh
260 ## - PUBLICATION, DISTRIBUTION, ETC. (IMPRINT)
Place of publication, distribution, etc New Delhi
Name of publisher, distributor, etc Kanishka
Date of publication, distribution, etc 2002
300 ## - PHYSICAL DESCRIPTION
Pages xvi, 240 p.
942 ## - ADDED ENTRY ELEMENTS (KOHA)
Koha item type Books
Holdings
Withdrawn status Lost status Damaged status Not for loan Location (home branch) Sublocation or collection (holding branch) Date acquired Koha issues (times borrowed) Koha full call number Accession No. Koha date last seen Koha item type
        VIVEKANANDA LIBRARY VIVEKANANDA LIBRARY 14/07/2003   784.4 T543K 202334 17/09/2023 Books
        VIVEKANANDA LIBRARY VIVEKANANDA LIBRARY 14/07/2003   784.4 T543K 202335 17/09/2023 Books
        VIVEKANANDA LIBRARY VIVEKANANDA LIBRARY 14/07/2003   784.4 T543K 202336 17/09/2023 Books
        VIVEKANANDA LIBRARY VIVEKANANDA LIBRARY 14/07/2003   784.4 T543K 202337 17/09/2023 Books
© Designed and Maintained by Vivekananda Library, MDU Rohtak